LEADER 00976nam0 22002531i 450 001 UON00090324 005 20231205102507.194 100 $a20020107d1968 |0itac50 ba 101 $aeng 102 $aGB 105 $a|||| ||||| 200 1 $aˆThe ‰dramatic festivals in Athens$fby the late Arthur Pickard-Cambridge 210 $a2a. ed. rev. by J. Gould and D.M. Lewis 215 $aOxford$cClarendon, 1968 xxiii,365 p.$d23 cm 620 $aGB$dOxford$3UONL000029 686 $aR$cLETTERATURA GRECA$2A 700 1$aPICKARD-CAMBRIDGE$bA.W.$3UONV057699$0186141 712 $aClarendon Press$3UONV246509$4650 801 $aIT$bSOL$c20240220$gRICA 899 $aSIBA - SISTEMA BIBLIOTECARIO DI ATENEO$2UONSI 912 $aUON00090324 950 $aSIBA - SISTEMA BIBLIOTECARIO DI ATENEO$dSI R 2199 $eSI RIC832388 5 996 $aDramatic festivals in Athens$91304779 997 $aUNIOR LEADER 01436nam 2200445 450 001 9910823535303321 005 20230807211721.0 010 $a93-86056-42-9 035 $a(CKB)3710000000658231 035 $a(MiAaPQ)EBC4543582 035 $a(EXLCZ)993710000000658231 100 $a20190130d2015 uy 0 101 0 $aeng 135 $aurcnu|||||||| 181 $ctxt$2rdacontent 182 $cc$2rdamedia 183 $acr$2rdacarrier 200 04$aThe art and science of assisted reproductive technology /$feditor, Sunita R. Tandulwadkar ; forewords by Bomi Bhote, Togas Tulandi, Prakash Trivedi 205 $aFirst edition. 210 1$aNew Delhi :$cThe Health Sciences Publishers,$d2015. 215 $a1 online resource (xxv, 542 pages) $cillustrations 311 $a93-5152-475-2 606 $aHuman reproductive technology 606 $aFertilization in vitro, Human 606 $aInfertility$xTreatment 615 0$aHuman reproductive technology. 615 0$aFertilization in vitro, Human. 615 0$aInfertility$xTreatment. 676 $a176 702 $aTandulwadkar$b Sunita 702 $aBhote$b Bomi 702 $aTulandi$b T$g(Togas), 702 $aTrivedi$b Prakash H. 801 0$bMiAaPQ 801 1$bMiAaPQ 801 2$bMiAaPQ 906 $aBOOK 912 $a9910823535303321 996 $aThe art and science of assisted reproductive technology$93922349 997 $aUNINA